000 00381nam a2200169Ia 4500
008 230711s9999||||xx |||||||||||||| ||und||
020 _a978-81-908789-5-1
041 _aENG
082 _a720
_bSE-B
100 _aSezal
245 0 _a50 beautiful houses in India
250 _a1st Ed.
260 _c2012
_aMumbai
_bSezal
300 _a420
650 _aArchitecture
942 _cBK
999 _c5709
_d5709